Seed storage of horticultural crops (Record no. 223)

MARC details
000 -LEADER
fixed length control field 00679nam a2200157 4500
020 ## - INTERNATIONAL STANDARD BOOK NUMBER
ISBN 9781560228837
050 ## - CALL NUMBER
Classification number SB118.4
Item number D68
100 ## - AUTHOR
Personal name Doijode, S. D.
245 ## - TITLE
Title Seed storage of horticultural crops
Statement of responsibility, etc S.D. Doijode.
260 ## - PUBLICATION INFORMATION
Place of publication New York :
Name of publisher Haworth Press,
Year of publication ©2001.
300 ## - DESCRIPTION
Number of Pages xvi, 339 pages :
Other physical details illustrations ;
Dimensions 23 cm
500 ## - NOTES
General note INCLUDES BIBLIOGRAPHIC REFERENCE AND INDEX
505 ## - FORMATTED CONTENTS NOTE
Table of Content Section II Seed Storage in Fruit Crops Tropical and Subtropical Fruits --<br/>Temperate Fruits --<br/>Section III Seed Storage in Vegetable Crops --<br/>Section IV Seed Storage in Ornamental Corps.
650 ## - SUBJECTS
Topical Term Horticultural crops -- Seeds -- Storage.
General subdivision Horticultura.
942 ## - ADDED ENTRY ELEMENTS (KOHA)
Koha item type Books
Holdings
Withdrawn status Lost status Home library Current library Date acquired Full call number Accession Number Koha item type
    Methodist University Library Wenchi Faculty Methodist University Library Wenchi Faculty 17/10/2017 SB118.4 D68 29228 Books
Copyright © 2026  MUG Library